Loteria, czy wygrasz? - Statystyki

Ogólne statystyki
  • Ten quiz został rozwiązany 246 razy
  • Średni wynik to 8 z 15
Statystyki odpowiedzi
Liczba / Cyfra / Litera % Poprawnych
1
100%
3
95%
3
95%
12
82%
B
67%
H
66%
T
66%
U
63%
Y
63%
V
57%
45
41%
85
24%
123
11%
1234
3%
2312
0%
Nie znaleziono quizów pasujących do podanych kryteriów
Rozkład punktacji
Procent ludzi z każdym wynikiem
Percentyl według liczby udzielonych odpowiedzi
Twoja historia wyników
Nie rozwiązałeś tego quizu